Missing Middles Medley: S Quiz Stats

 Plays Quiz Updated Jun 14, 2015

Challenge
Share
Tweet
Embed
Score 0/40 Timer 05:00
0 Plays Today
% Correct
Side
94.1%
She
93.9%
Stop
93.9%
Some
93.5%
Strings
93.5%
School
92.7%
Soup
91.5%
Size
90.9%
Sebastian
90.2%
Sexy
88.6%
Shook
87.9%
Simple
87.3%
Shop
87%
So
86.8%
Seymour
86%
Slidin'
85.8%
Shoot
85.3%
Stuf
84.5%
State
83.8%
Stone
80.2%
% Correct
Stewart
79.1%
Stimulating
78.5%
Said
75.8%
Sawyer
75.6%
Science
74.3%
Soul
69.6%
Sung
68.5%
Saint
67.4%
Sheep
66.5%
Sainte
63.9%
Street
61.7%
Scott
58.8%
Sargasso
58.6%
Sue
57%
Stuart
55.4%
Song
53.9%
Somerset
53.7%
Social
50.9%
San
46.9%
Scanner
44.7%

You're not logged in!

Compare scores with friends on all Sporcle quizzes.
OR
Log In

You Might Also Like...

Show Comments

Extras

Top Quizzes Today


Score Distribution

Your Account Isn't Verified!

In order to create a playlist on Sporcle, you need to verify the email address you used during registration. Go to your Sporcle Settings to finish the process.

Report this User

Report this user for behavior that violates our Community Guidelines.

Details: